Famous Mythical Creatures - Statistics

General Stats
  • This quiz has been taken 17 times
  • The average score is 5 of 10
Answer Stats
Answer % Correct
Unicorn
93%
Dragon
64%
Vampire
57%
Werewolf
57%
Fairy
50%
Griffin
43%
Mermaid
43%
Troll
43%
Centaur
36%
Phoenix
21%
No matching quizzes found
Score Distribution
Percent of People with Each Score
Percentile by Number Answered
Your Score History
You have not taken this quiz